000 00831nam a22002175a 4500
003 OSt
005 20170322140746.0
008 170322s2007 ua frb 000 0 ara d
040 _aEG-ScBUE
_bara
_cEG-ScBUE
043 _af-ua---
082 0 4 _a347.6206
_bأ ب و
_222
100 1 _aأبو الخير، عبد السميع عبد الوهاب.
245 1 2 _aالوجيز في شرح قانون الإثبات /
_cعبد السميع عبد الوهاب أبو الخير.
260 _aالقاهرة :
_bجامعة الأزهر الشريف، كلية الشريعة والقانون،
_c2007.
300 _a275 ص. ؛
_c24 سم.
504 _aيشتمل على إرجاعات ببليوجرافية.
650 7 _aالإثبات (قانون)
_zمصر.
_2BUEsh
651 _2BUEsh
653 _bLLAAWW
_cMarch2017
942 _2ddc
999 _c24512
_d24484